Score 0/16 Timer 02:00
1 Play Today
Clue 4-Letter Word % Correct
Truth or ___DARE
98%
What ice cubes do at room temperatureMELT
93.7%
1760 yardsMILE
91.6%
Animator DisneyWALT
90.3%
A raised lump after being hitWELT
87.4%
Yellow-greenish liver fluidBILE
87.4%
Angelina Jolie action film of 2010SALT
80%
With [first rung], you get this from the thighs and legs of a chickenMEAT
78.9%
Clue 4-Letter Word % Correct
Movie which won Sean Penn his second Academy AwardMILK
73.2%
Fiber from the Bombyx mori coccoonSILK
69%
Polio vaccine inventor JonasSALK
67.3%
With [last rung], you get this from the thighs and legs of a chickenDARK
63.5%
The weight of a containerTARE
60.9%
Ripped or wrenchedTORE
57.6%
The main trunk of a treeBOLE
50.6%
Create ennui for those around youBORE
49.9%

Today's Daily Dose

Remove Ads.
Support Sporcle.
Get the best of Sporcle when you Go Orange. This ad-free experience offers more features, more stats, and more fun while also helping to support Sporcle. Thank you for becoming a member.

You're not logged in!

Compare scores with friends on all Sporcle quizzes.
OR
Log In

Show Comments

Extras

Top Quizzes Today


Score Distribution

Your Account Isn't Verified!

In order to create a playlist on Sporcle, you need to verify the email address you used during registration. Go to your Sporcle Settings to finish the process.

Report this User

Report this user for behavior that violates our Community Guidelines.

Details: